| 000 | 01659nam a2200421 i 4500 | ||
|---|---|---|---|
| 001 | 13423 | ||
| 003 | KOSZ 005 | ||
| 005 | 20210809105208.0 | ||
| 008 | 081107s1960 pl a g f 000 0 pol | ||
| 015 | _aPB 1960/8021 | ||
| 040 |
_aWA N _cWA N _dKOSZ 005/RW _dKOSZ 005/HR |
||
| 041 | 1 |
_apol _hita |
|
| 046 | _k1960 | ||
| 080 | _a72 | ||
| 080 | _a69 | ||
| 080 | _a(084) | ||
| 100 | 1 |
_aAlberti, Leon Battista _d(1404-1472) _eAutor |
|
| 245 | 1 | 0 |
_aKsiąg dziesięć o sztuce budowania / _cLeon Baptysta Alberti ; [red. Kazimierz Dziewoński ; z tekstu wł. przeł. Irena Biegańska ; porówn. z tekstem łac. Maria Zachwatowicz ; inicjały Zygmunt Górnicki]. |
| 246 | 1 |
_iTytuł oryginału: _aLibri de re aedificatoria decem. |
|
| 260 |
_aWarszawa : _bPaństwowe Wydawnictwo Naukowe, _c1960. |
||
| 300 |
_a322, [2] strony, [8] stron tablic : _bilustracje ; _c34 cm. |
||
| 336 |
_aTekst _btxt _2rdacontent |
||
| 337 |
_aBez urządzenia pośredniczącego _bn _2rdamedia |
||
| 338 |
_aWolumin _bnc _2rdacarrier |
||
| 380 | _aKsiążki. | ||
| 504 | _aBibliografia na stronie [309]. | ||
| 648 | 4 | _a1401-1500 | |
| 650 | 4 | _aBudownictwo | |
| 658 | _aArchitektura i budownictwo | ||
| 658 | _aHistoria | ||
| 700 | 1 |
_aDziewoński, Kazimierz _d(1910-1994). _eRedakcja |
|
| 700 | 1 |
_aBiegańska, Irena _eTłumaczenie |
|
| 700 | 1 |
_aZachwatowicz, Maria _d(1902-1992) _eTłumaczenie |
|
| 700 | 1 |
_aGórnicki, Zygmunt _eIlustracje |
|
| 710 | 2 |
_aPaństwowe Wydawnictwo Naukowe _4pbl. |
|
| 856 |
_uhttp://koha.tu.koszalin.pl/cgi-bin/koha/opac-detail.pl?biblionumber=13423 _yKatalog online BPK |
||
| 942 |
_2UKD _cKS |
||
| 999 |
_c13423 _d13423 |
||